Essentials of business organisation / (Record no. 44138)
[ view plain ]
| 000 -LEADER | |
|---|---|
| fixed length control field | 00620cam a2200229u 4500 |
| 001 - CONTROL NUMBER | |
| control field | 44138 |
| 003 - CONTROL NUMBER IDENTIFIER | |
| rucl marc code | BD-RjUL |
| 005 - DATE AND TIME OF LATEST TRANSACTION | |
| control field | 20220517152859.0 |
| 008 - FIXED-LENGTH DATA ELEMENTS--GENERAL INFORMATION | |
| fixed length control field | 160714s1947 ii 000 0 eng |
| 035 ## - SYSTEM CONTROL NUMBER | |
| System control number | (BD-RjUL)44256 |
| 040 ## - CATALOGING SOURCE | |
| Original cataloging agency | DLC |
| Transcribing agency | CarP |
| Modifying agency | DLC |
| Language of cataloging | eng |
| 041 ## - LANGUAGE CODE | |
| Language code of text/sound track or separate title | eng |
| 082 ## - DEWEY DECIMAL CLASSIFICATION NUMBER | |
| Edition number | 23 |
| Classification number | 658 |
| Author mark and year | BOE 1947 |
| 100 1# - MAIN ENTRY--PERSONAL NAME | |
| Personal name | Bose, R. B. |
| 9 (RLIN) | 135522 |
| 245 10 - TITLE STATEMENT | |
| Title | Essentials of business organisation / |
| Statement of responsibility, etc. | R. B. Bose |
| 250 ## - EDITION STATEMENT | |
| Edition statement | Rev. & enl. 9th ed. |
| 260 ## - PUBLICATION, DISTRIBUTION, ETC. (IMPRINT) | |
| Place of publication, distribution, etc. | Calcutta : |
| Name of publisher, distributor, etc. | A. Mukherjee, |
| Date of publication, distribution, etc. | [1947?] |
| 300 ## - PHYSICAL DESCRIPTION | |
| Pagination | 630 p. ; |
| Size | 23 cm. |
| 650 #0 - SUBJECT ADDED ENTRY--TOPICAL TERM | |
| Topical term or geographic name as entry element | Business. |
| 9 (RLIN) | 135523 |
| 942 ## - ADDED ENTRY ELEMENTS (KOHA) | |
| Source of classification or shelving scheme | Dewey Decimal Classification |
| Koha item type | Books |
| Lost status | Source of classification or shelving scheme | Damaged status | Not for loan | Collection code | Permanent Location | Current Location | Shelving location | Date acquired | Source of acquisition | Cost, normal purchase price | Total Checkouts | Full call number | Date last seen | Copy number | Koha item type |
|---|---|---|---|---|---|---|---|---|---|---|---|---|---|---|---|
| Dewey Decimal Classification | Non-fiction | Central Library, University of Rajshahi | Central Library, University of Rajshahi | 06/03/1964 | Pak.Law House | 15.00 | 658 BOE 1947 | 14/07/2016 | C-2 | Books | |||||
| Dewey Decimal Classification | Not For Loan | Non-fiction | Central Library, University of Rajshahi | Central Library, University of Rajshahi | Reading Room | 06/03/1964 | Pak.Law House | 658 BOE 1947 | 17/04/2019 | C-1 | Books | ||||
| Dewey Decimal Classification | Non-fiction | Central Library, University of Rajshahi | Central Library, University of Rajshahi | 16/03/1967 | D.M. Office Rajshahi | 12.50 | 658 BOE 1947 | 23/04/2019 | C-3 | Books | |||||
| Dewey Decimal Classification | Non-fiction | Central Library, University of Rajshahi | Central Library, University of Rajshahi | 06/03/1964 | Pak.Law House | 15.00 | 658 BOE 1947 | 28/04/2019 | C-4 | Books |